Téma rodinných firem lze studovat na VŠE v Praze

V akademickom roku 2016/2017 sa na Vysokej škole ekonomickej v Prahe začína vyučovať voliteľný predmet Stratégia rodinných firiem. V r. 2017 sa má spustiť činnosť výskumného centra - Centrum pro strategické řízení rodinných firem. Inšpirácia zo sveta. Profil a ciele programu. Modely nástupníctva. Uk...

Ausführliche Beschreibung

Gespeichert in:
Bibliographische Detailangaben
1. Verfasser: Hnilica, Jiří
Format: Buchkapitel
Sprache:Tschechisch
Schlagworte:
Tags: Tag hinzufügen
Keine Tags, Fügen Sie das erste Tag hinzu!

MARC

LEADER 00000naa a2200000 4500
001 0222550
005 20160928100830.7
041 0 |a cze 
044 |a CZ 
245 1 0 |a Téma rodinných firem lze studovat na VŠE v Praze  |c Jiří Hnilica 
520 |a V akademickom roku 2016/2017 sa na Vysokej škole ekonomickej v Prahe začína vyučovať voliteľný predmet Stratégia rodinných firiem. V r. 2017 sa má spustiť činnosť výskumného centra - Centrum pro strategické řízení rodinných firem. Inšpirácia zo sveta. Profil a ciele programu. Modely nástupníctva. Ukončenie štúdia štátnou záverečnou skúškou. 
610 2 0 |a vzdelávanie vysokoškolské 
610 2 0 |a programy študijné 
610 2 0 |a podnik rodinný 
610 2 0 |a podnikanie rodinné 
610 2 0 |a ekonómia 
610 2 0 |a Česko 
100 1 |a Hnilica, Jiří